000 00312nam a22001457a 4500
008 210521b ||||| |||| 00| 0 eng d
020 _a9781308319766
041 _aeng
080 _a53
082 _a53
100 _a43
101 _aFIZ
245 _aPhysical Science for Tech
_cHill,M.G
942 _2udc
_cBK
999 _c57605
_d57605